عرض عادي
عرض مارك
- أوراكل (ملف حاسوب)
مدخل عنوان موحد
001 - رقم الضبط
- حقل الضبط: 4341
003 - معرف رقم الضبط
- حقل الضبط: OSt
005 - تاريخ ووقت أخر عملية
- حقل الضبط: 20110912201505.0
008 - عناصر بيانات ثابتة الطول
- حقل تحكم ثابت الطول: 110912|||a|||||| | ||| d
040 ## - مصدر الفهرسة
- هيئة الفهرسة الأصلية: OSt
- وكالة الكتابة: OSt
130 ## - مدخل -- اسم مؤتمر
- العنوان الموحد: أوراكل (ملف حاسوب)
670 ## - بيانات المصدر موجوده
- الاستشهاد بالمصدر: Work cat.: (OSt)9572: براون، برادلي د 4340, تطوير تطبيقات الويب باستخدام أوراكل 9 آي /, 2004
